Dove giocava nel 2010-2011? - Quiz n°17 - Statistics

Statistiche generali
  • Questo quiz è stato fatto 23 volte
  • Il punteggio medio è 8 su 10
Statistiche sulle risposte
Hint Risposta % Corretto
Andrés Iniesta Barcellona
100%
Salvatore Sirigu Palermo
95%
Park Ji-sung Manchester United
90%
Blaise Matuidi Saint-Étienne
90%
Juan Iturbe Cerro Porteño
81%
Diego Demme Arminia Bielefeld
76%
Matuzalém Lazio
76%
Martin Škrtel Liverpool
76%
Erik Lamela River Plate
76%
Nicolás Tagliafico Banfield
67%
Nessun quiz corrispondente trovato
Distribuzione punteggi
Percentuale di utenti per punteggio
Percentile per numero di risposta
I tuoi punteggi nel tempo
Non hai fatto questo quiz